000 02730nam a2200481 a 4500
003 BLK
005 20250614103707.0
008 180409b bul|||||r ||||||| ||bul||
020 _a9545854766
040 _aBLK
041 _aBUL
_cBUL
080 _aРазпространяване на научните знания - популяризиране на науката, занимателна наука, учение за явленията научно необяснени, заблуждения и фалшификации, илюзии и др. п., секретност на научните знания
_b001.9
_z001.9
080 _aЕсхатология (Наука за края на света). Антихрист. Смърт. Ад, Чистилище, Рай. Възкресение на мъртвите. Край на света. Страшният съд
_b236
_z236
080 _aЗвезди и звездни системи. Вселена - Космически лъчи, междузвездно пространство, Галактика, Млечен път, космология, извънгалактически системи
_b524
_z524
080 _aСтара и антична история
_b931
_z931
100 1 _aДжерил, Патрик
_eпърви автор
_960809
139 _aДжерил, Патрик и др.
_bД 51
245 1 0 _aПророчеството "Орион"
_cПатрик Джерил; съавт. Джино Ратинкс; прев. от англ. Маргарит Маргаритов Дамянов.
257 _aUSA
260 _bБард
_c2003
_fХасково : Полиграфюг
_aСофия
300 _a270 с.
_bс ил.
_c21 см
380 _a0
490 _aПоредица Загадки и мистерии
500 _aОриг. загл. The Orion prophecy / Patrick Geryl, Gino Ratinckx.
650 4 _aАтлантида
_9147823
650 4 _aПророчества (рел.)
_9168087
650 4 _aПредсказания
_9167581
650 4 _aПриродни бедствия
_9260341
650 4 _aИстория, стара
_9245372
653 _aпророчества
653 _aесхатология
653 _aастрономия
653 _aпредсказания
653 _aистория
700 1 _aРатинкс, Джино
_eсъавт.
_9115350
700 1 _aДамянов, Маргарит Маргаритов
_eпрев. от англ.
_9368565
852 _aЦб 216322
_bЦб
852 _bП
_c001.9/Д 51 П
942 _cKNG
_n0
_s1
_05
944 _aCR
_c16.10.2003
_k30546
_lРенета Константинова
944 _aED
_c2022-04-05
_kКети
999 _c103251
_d103251
999 _d103251